UM Logo

International economic integration : (Record no. 6898)

MARC details
000 -LEADER
fixed length control field 00612nam a2200157 4500
008 - FIXED-LENGTH DATA ELEMENTS--GENERAL INFORMATION
fixed length control field 170517b xxu||||| |||| 00| 0 eng d
020 ## - INTERNATIONAL STANDARD BOOK NUMBER
International Standard Book Number 0-415-16450-8
082 ## - DEWEY DECIMAL CLASSIFICATION NUMBER
Edition number 1998
Classification number DC 337.1
Item number J82
100 ## - MAIN ENTRY--PERSONAL NAME
9 (RLIN) 20878
Personal name Jovanović, Miroslav N., 1957-
245 ## - TITLE STATEMENT
Title International economic integration :
Remainder of title limits and prospects /
Statement of responsibility, etc. Miroslav N. Jovanovic ; foreword by Richard G. Lipsey
260 ## - PUBLICATION, DISTRIBUTION, ETC. (IMPRINT)
Place of publication, distribution, etc. London :
Name of publisher, distributor, etc. Routledge,
Date of publication, distribution, etc. ©1998.
300 ## - PHYSICAL DESCRIPTION
Extent xxii, 446 pages :
Other physical details illustrations ;
Dimensions 24 cm
500 ## - GENERAL NOTE
General note Includes bibliographical references and index
650 #0 - SUBJECT ADDED ENTRY--TOPICAL TERM
9 (RLIN) 20880
Topical term or geographic name as entry element International economic integration
942 ## - ADDED ENTRY ELEMENTS (KOHA)
Source of classification or shelving scheme Dewey Decimal Classification
Koha item type Circulation
Holdings
Withdrawn status Lost status Source of classification or shelving scheme Damaged status Not for loan Collection code Home library Current library Date acquired Source of acquisition Total Checkouts Full call number Barcode Date last seen Copy number Price effective from Koha item type
    Dewey Decimal Classification     Circulation UM Digos College - LIC UM Digos College - LIC 09/27/1999 Purchased   DC 337.1 J82 1998 13464 05/15/2025 1 05/17/2017 Circulation